| 000 | 009560000a22002290004500 | ||
|---|---|---|---|
| 010 | _a2006021998 | ||
| 020 | _a0842387463 9780842387460 9780739475591 0739475592 | ||
| 100 | _aKingsbury, Karen. | ||
| 245 | _aFamily | ||
| 260 |
_aCarol Stream, Ill. _bTyndale House Publishers. _c8/31/2012 |
||
| 300 | _a345 p. ; 21 cm. | ||
| 490 | _aFirstborn series ; 4. | ||
| 500 | _aAfter finding his firstborn son, John Baxter looks for a way to tell his other children, while a sensational Hollywood trial reunites Dayne Matthews and Katy Hart, but just when love has the chance to win, doubts and presumed scandals push them further apart. | ||
| 520 | _a'Baxter family drama'--Cover. | ||
| 590 | _b46976 | ||
| 650 | _aAdoptees -- Identification -- Fiction. | ||
| 650 | _aTrials -- Fiction. | ||
| 650 | _aLos Angeles (Calif.) -- Fiction. | ||
| 650 | _aCancun (Mexico) -- Fiction. | ||
| 651 | _xChristian fiction. | ||
| 852 | _oPBK KIN | ||
| 999 |
_c46174 _d46174 |
||